All ATP Finals Winners (1990 - 2020) - Statistics

General Stats
  • This quiz has been taken 184 times
    128 since last reset
  • The average score is 27 of 31
Answer Stats
Country Year Player % Correct
Serbia 2008 Novak Djokovic
100%
Serbia 2012 Novak Djokovic
100%
Serbia 2013 Novak Djokovic
100%
Serbia 2014 Novak Djokovic
100%
Serbia 2015 Novak Djokovic
100%
Switzerland 2003 Roger Federer
100%
Switzerland 2004 Roger Federer
100%
Switzerland 2006 Roger Federer
100%
Switzerland 2007 Roger Federer
100%
Switzerland 2010 Roger Federer
100%
Switzerland 2011 Roger Federer
100%
UK 2016 Andy Murray
96%
Germany 2018 Alexander Zverev
94%
Greece 2019 Stefanos Tsitsipas
92%
USA 1990 Andre Agassi
90%
Bulgaria 2017 Grigor Dimitrov
90%
USA 1991 Pete Sampras
90%
USA 1994 Pete Sampras
90%
USA 1996 Pete Sampras
90%
USA 1997 Pete Sampras
90%
USA 1999 Pete Sampras
90%
Germany 1992 Boris Becker
85%
Germany 1995 Boris Becker
85%
Australia 2001 Lleyton Hewitt
85%
Australia 2002 Lleyton Hewitt
85%
Russia 2020 Daniil Medvedev
70%
Brazil 2000 Gustavo Kuerten
70%
Russia 2009 Nikolay Davydenko
63%
Argentina 2005 David Nalbandian
53%
Germany 1993 Michael Stich
44%
Spain 1998 Alex Corretja
28%
No matching quizzes found
Score Distribution
Percent of People with Each Score
Percentile by Number Answered
Your Score History
You have not taken this quiz since the last reset